| 000 | 01355nam0a2200325 4500 | ||
|---|---|---|---|
| 001 | RU\NLR\BIBL_A\022135233 | ||
| 005 | 20250625134323.0 | ||
| 010 |
_a978-5-60488-453-9 _9100 |
||
| 035 | _a(RuMoRGB)012457982 | ||
| 035 | _a(NLR Aleph) 022135233 | ||
| 090 |
_a12847839 _c12847839 |
||
| 100 | _a20240212d2023 |||y0rusy50 ca | ||
| 101 | 0 | _arus | |
| 102 | _aRU | ||
| 105 | _ao z 000ay | ||
| 181 | 0 |
_ai3 _baxxe |
|
| 182 | 0 | _an | |
| 200 | 1 |
_aКороль шмелей _e[рассказы] _fВладимир Тренин |
|
| 203 |
_aТекст _bвизуальный _cнепосредственный |
||
| 210 |
_aМосква _cПлюмбум.пресс _d2023 |
||
| 215 |
_a271 с. _cил. _d21 |
||
| 327 | 0 | _aСодерж.: Рюмка Достоевского; Пуговица; Временные метаморфозы нечернозёмной зоны; Король шмелей; Белая дорога; Иван Постный; Рабочее время; Мальчик с Немецкой улицы; Отныне и потом; Сбой программы [и др.] | |
| 675 |
_a821.161.1-32 _v4 |
||
| 686 | 2 | _aШ6(2=Р)8-440.5 | |
| 700 | 1 |
_aТренин _bВ. В. _gВладимир Витальевич |
|
| 942 | _cBOOK | ||
| 980 | _aNB | ||